000
00277nam a22001217a 4500
999
_c
533918
_d
533918
040
_c
dlc
082
_a
811.52
100
_a
Khalil Gibran
_9
27960
245
_a
The Prophet Collection
260
_a
Australia
_b
Axiom Publishing
_c
c2009
300
_a
128;pxv
942
_2
ddc
_c
BK